00934nam a2200241 i 450000100060000000300090000600500170001500700030003200800410003502000180007608000140009410000390010824501460014726000600029330000200035349000760037350400200044965100340046970000370050371000510054083000760059185200250066766711ES-MaACL20250911063538.0t|920902s1989 sp ||||0| spa d a84-259-0837-X a946.0"18"1 aRomero Alpuente, Juan, d1762-183510aHistoria de la revolución española y otros escritos / cJuan Romero Alpuente ; edición preparada e introducida por Alberto Gil Novales. aMadrid : bCentro de Estudios Constitucionales, c1989. a2 v. ; c22 cm.1 aClásicos del pensamiento político y constitucional español ; v15 aBibliografía. 7aEspaña-xHistoria-yS.XIX20 aGil Novales, Alberto,d1930-20162 aCentro de Estudios Constitucionales (España)1 aClásicos del pensamiento político y constitucional español ; v15 aES-MaACLjL-27198-99